• 首页
  • 本馆介绍
  • 公告通知
  • 最新文献
  • 馆藏检索
  • 电子资源
  • 读者导购
  • 参考咨询
  • 我的图书馆
  • 登录
  • 详细信息显示
  • 放入我的书架
  • 预约/预借图书
  • 作者相关作品
  • 分类相关作品
  • 丛书相关作品
  • 出版社相关作品

书目信息

  • 表格格式
  • 工作单格式
  • 卡片格式
题名:
创新与思维
    
 
作者: 杨名声 , 刘奎林 著
分册:  
出版信息: 北京   教育科学出版社  1999
页数: 278页
开本: 20cm
丛书名:
单 册:
中图分类: G305 , B80
科图分类:
主题词: 创造性思维 , 思维科学
电子资源:
ISBN: 7-5041-1892-3
000 00636nam0 2200241 450
001 1556947058
005 20150204151143.35
010    @a7-5041-1892-3@dCNY16.20
100    @a20021005d1999 emky0chiy0110 ea
101 0  @achi
102    @aCN@b110000
105    @ay z 000yy
200 1  @a创新与思维@9chuang xin yu si wei@f杨名声,刘奎林著
210    @a北京@c教育科学出版社@d1999
215    @a278页@d20cm
606 0  @a创造性思维
606 0  @a思维科学
690    @aG305@v5
690    @aB80@v4
701  0 @a杨名声@9yang ming sheng@4著
701  0 @a刘奎林@9liu kui lin@4著
801  0 @aCN@bTSSF@c20150204
905    @aZUCC@dB80@eJY3
    
    创新与思维/杨名声,刘奎林著.-北京:教育科学出版社,1999
    278页;20cm
    
    
    ISBN 7-5041-1892-3:CNY16.20
    
●
相关链接 在E读中查询图书 在五车中查询图书 在当当中查询图书 在豆瓣中查询图书


正题名:创新与思维     索取号:B80/JY3         预约/预借

序号 登录号 条形码 馆藏地/架位号 状态 备注
1 7841110   278411103   学院路分馆/ [索取号:B80/JY3] 在馆    
2 7847039   278470398   学院路分馆/ [索取号:B80/JY3] 在馆    
3 7847040   278470405   学院路分馆/ [索取号:B80/JY3] 在馆    
4 7865917   278659177   学院路分馆/ [索取号:B80/JY3] 在馆    
唐山师范学院图书馆 欢迎您!
大连网信软件有限公司© 版权所有